书目信息 |
| 题名: |
青春风骨
|
|
| 作者: | 吴光辉 著 | |
| 分册: | ||
| 出版信息: | 南京 江苏凤凰文艺出版社 2020.11 |
|
| 页数: | 200页 | |
| 开本: | 21cm | |
| 丛书名: | 雨花忠魂 | |
| 单 册: | ||
| 中图分类: | I253 , K827=6 | |
| 科图分类: | ||
| 主题词: | 纪实文学--ji shi wen xue--中国--当代 | |
| 电子资源: | ||
| ISBN: | 978-7-5594-5099-9 | |
| 000 | 01279nam 2200325 450 | |
| 001 | CAL 0120217137122 | |
| 005 | 20230217093111.0 | |
| 010 | @a978-7-5594-5099-9@dCNY32.00 | |
| 092 | @aCN@bRt971-0947 | |
| 100 | @a20210408d2020 em y0chiy0120 ea | |
| 101 | 0 | @achi |
| 102 | @aCN@b320000 | |
| 105 | @ay z 000zb | |
| 106 | @ar | |
| 200 | 1 | @a青春风骨@Aqing chun feng gu@e高文华烈士传@f吴光辉著 |
| 210 | @a南京@c江苏凤凰文艺出版社@d2020.11 | |
| 215 | @a200页@d21cm | |
| 225 | 2 | @a雨花忠魂@Ayu hua zhong hun@i雨花英烈系列纪实文学 |
| 330 | @a本书讲述了雨花台烈士高文华为革命奋斗一生的光荣事迹。高文华 (1908-1931), 江苏无锡人。1924年投考黄浦军校, 成为该校第二期毕业生。1925年6月加入中国共产党。1926年7月, 北伐开始, 高文华先后任工兵团营指导员、工兵团党代表, 随军向浙江、上海进攻。面对国民党军政要员的竭力拉拢, 他不为所动, 被国民党监视甚至拘押。 | |
| 410 | 0 | @12001 @a雨花忠魂@i雨花英烈系列纪实文学 |
| 517 | 1 | @a高文华烈士传@Agao wen hua lie shi zhuan |
| 600 | 0 | @a高文华,@Agao wen hua@f1908-1931@x传记 |
| 606 | 0 | @a纪实文学@Aji shi wen xue@y中国@z当代 |
| 690 | @aI253@v5 | |
| 690 | @aK827=6@v5 | |
| 701 | 0 | @a吴光辉@Awu guang hui@4著 |
| 801 | 0 | @aCN@bBJXHZP@c20230228 |
| 901 | @a江苏凤凰文艺出版社 | |
| 905 | @b1399368-71@dI253@e1227@f4 | |
| 997 | @a期货 | |
| 青春风骨:高文华烈士传/吴光辉著.-南京:江苏凤凰文艺出版社,2020.11 |
| 200页;21cm.-(雨花忠魂.雨花英烈系列纪实文学) |
| ISBN 978-7-5594-5099-9:CNY32.00 |
| 本书讲述了雨花台烈士高文华为革命奋斗一生的光荣事迹。高文华 (1908-1931), 江苏无锡人。1924年投考黄浦军校, 成为该校第二期毕业生。1925年6月加入中国共产党。1926年7月, 北伐开始, 高文华先后任工兵团营指导员、工兵团党代表, 随军向浙江、上海进攻。面对国民党军政要员的竭力拉拢, 他不为所动, 被国民党监视甚至拘押。 |
| ● |
| 相关链接 |
|
|
|
|
正题名:青春风骨
索取号:I253/1227
 
预约/预借
| 序号 | 登录号 | 条形码 | 馆藏地/架位号 | 状态 | 备注 |
| 1 | 1399368 | 213993687 | 第一样本阅览室/ [索取号:I253/1227] | 在馆 | |
| 2 | 1399369 | 213993696 | 第二借阅区/ [索取号:I253/1227] | 在馆 | |
| 3 | 1399370 | 213993703 | 第二借阅区/ [索取号:I253/1227] | 在馆 | |
| 4 | 1399371 | 213993712 | 第二借阅区/ [索取号:I253/1227] | 在馆 |